000 00781nam a2200289Ia 4500
005 20260324132342.0
008 008 260324s9999 xx 000 0 eng d
020 _a9781315783871
037 _aEBOOK
040 _aCRL
040 _beng
040 _cCRL
041 _2eng
041 _aeng
084 _qCRL
100 _aRandy P Lundschien Conner; David Sparks
_91188952
245 0 _aQueering Creole Spiritual Traditions
245 0 _bLesbian, Gay, Bisexual, and Transgender Participation in African-Inspired Traditions in the Americas
260 _bTaylor and Francis
260 _c2004
365 _a
365 _b230
856 _uhttp://www.taylorfrancis.com/books/9781315783871
942 _cEBOOK
999 _c1786996
_d1786996